00638nam a2200145Ia 4500008004100000082001800041100002700059245010700086260003000193300001100223650010300234700004600337952009200383999001700475120622s9999 xx 000 0 und d a338.972 G184e aGama Pedroza, Martín aEntorno socioecnómico y político de México / Martín Gama Pedroza, Christian Alvarez Carballido aMéxico : Editorial Aria a186 h. a1. MEXICO - POLITICA ECONOMICA \ 2. MEXICO - CONDICIONES SOCIALES \ 3. MEXICO - ASPECTOS POLITICOS aAlvarez Carballido, Christian ; coaut.Ì 00104070a01b01d2007-01-25l0o338.972 G184Ep01 003244r2012-06-24w2012-06-24yLB c57095d57095